000 00294nam a22001337a 4500
020 _a0-15-551202-1
082 _a339.5 SHA'M
100 _aSHAPIRO, EDWARD
_976191
245 _aMACRO ECONOMIC ANALYSIS
250 _a2ND
260 _aNEWYORK
_bHARCOURT
_c1970
300 _a591P
942 _cBK
999 _c581597
_d581597